Schaum's outline of theory and problems of laplace transforms

Uložené v:
Podrobná bibliografia
Hlavný autor: Spiegel, Murray R.
Médium: Kniha
Jazyk:English
Vydavateľské údaje: New York MacGraw-Hill Book Co. 1965
Tagy: Pridať tag
Žiadne tagy, Buďte prvý, kto otaguje tento záznam!

MARC

LEADER 00000nam a2200000 4500
001 c109355
005 20041019155143.8
041 0 |a eng 
044 |a US 
245 1 0 |a Schaum's outline of theory and problems of laplace transforms  |c Murray R. Spiegel 
264 1 |a New York  |b MacGraw-Hill Book Co.  |c 1965 
300 |a 261 s. 
100 1 |a Spiegel, Murray R.